000 01210nam a22002657a 4500
003 BR-ViAPE
005 20260513125453.0
008 260513s1995 porco||gs|||| 000 0 por d
040 _cBR-ViAPE
245 _aRelato do cavalheiro Carlo Nagar Cônsul Real em Vitória:
_bo estado do Espírito Santo e a imigração italiana - fevereiro 1895
246 _aLo Stato di Espírito Santo e l'immigrazione italiana:
_brapporto del Cav. Carlo Nagar, R. Console in Vitória
260 _aVitória
_bArquivo Público do Estado do Espírito Santo
_c1995
300 _a79 p.
_bil.
300 _bLivro disponível em PDF
490 _aColeção Canaã
_vv. 1
500 _aObra disponibilizada em PDF por integrar a Coleção Canaã do APEES.
600 _aCarlo Nagar
_xRelato de Viagem
650 _aImigração
_zEspírito Santo (Brasil)
651 _aEspírito Santo (Brasil)
700 _aNagar, Carlo
_eautor
700 _aHerzog, Nerina Bortoluzzi
_etradutora
710 _aArquivo Público do Estado do Espírito Santo
856 _uhttps://ape.es.gov.br/Media/ape/PDF/Livros/O%20Estado%20do%20Espirito%20Santo%20e%20a%20Imigracao%20Italiana.pdf
_yCLIQUE AQUI PARA ACESSAR O DOCUMENTO
942 _2ddc
_cBK
_n1
999 _c645
_d645